| 000 | 00788nam a2200229Ia 4500 | ||
|---|---|---|---|
| 003 | OSt | ||
| 005 | 20220923223650.0 | ||
| 006 | a|||||r|||| 00| 0 | ||
| 007 | ta | ||
| 008 | 220922b |||||||| |||| 00| 0 pan d | ||
| 024 | _a220,020 | ||
| 037 | _cTextual | ||
| 040 |
_aARTS _cARTS _bpan |
||
| 041 |
_2pan _apan |
||
| 082 | _aO153,3:g, N8 | ||
| 100 |
_aਬੇਦੀ, ਹਰਚੰਦ ਸਿੰਘ _9156315 |
||
| 245 | 0 |
_aਪਰਵਾਸੀ ਪੰਜਾਬੀ ਕਹਾਣੀ _bਪਾਠ ਤੇ ਪ੍ਰੰਸਗ |
|
| 260 |
_aਅਮ੍ਰਿਤਸਰ _b ੁਗੁਰੂ ਨਾਨਕ ਦੇਵ ਯੁਨਿਵਰਸਿਟੀ _c1998 |
||
| 300 |
_a233ਪੰ _ccm. |
||
| 942 |
_hO153,3:g, N8 _cTEXL _2CC |
||
| 999 |
_c366720 _d366720 |
||